00330nam a2200133 a 4500008004100000050001600041100001800057245001400075246003700089250001200126260002800138300002100166350000900187120416s1970 ||||||||||||||||| || u aHF 5549 Bea aBeach, Dale S10aPersonnel athe management of people at work a2nd ed. aLondonbMacmillanc1970 axvi, 844p. : ill a0.00